000
00480nam a2200133Ia 4500
008
100328s9999 xx 000 0 und d
082
_b
63038
100
_a
शिर्सेकर शारदाकुमार.
245
_a
पतिविना पतिव्रता.
260
_b
निंबकर आणि मंडळी.
630
_a
पतिविना पतिव्रता.
730
_a
पतिविना पतिव्रता.
942
_c
BOOK
999
_c
548960
_d
548957